000 00468nam a2200181Ia 4500
001 2911
005 20260306144842.0
008 260306t2004||||xx |||||||||||||| ||spa||
041 _aESP
082 _a232.96
_bE69
100 _aEquipo de Espiritualidad y Pastoral
_eAUT
245 0 _aLa pasión del Señor:
_bmeditaciones sobre al amor de Dios
260 _c2004
300 _a64 páginas :
_c20 cm.
650 _aGEN
654 _aCHU
942 _cLIB
_dJUS
_fJUS
_2ddc
_n
999 _c2911
_d2911